Atlas historique :

محفوظ في:

المؤلف الرئيسي: Delaporte, Louise.

التنسيق: كتاب

اللغة: Undetermined

منشور في: Paris : Les Presses universitaires de France, 1937.

الموضوعات:

الوسوم: إضافة وسم

لا توجد وسوم, كن أول من يضع وسما على هذه التسجيلة!

رقم الطلب: (Ref.) G1030 .A85

LEADER 00520nam a2200145Ia 4500
008 220712s9999||||xx |||||||||||||| ||und||
050 4 |a (Ref.) G1030 .A85 
100 1 |a Delaporte, Louise. 
245 1 0 |a Atlas historique : 
264 1 |a Paris :  |b Les Presses universitaires de France,  |c 1937. 
300 |a p. :  |b  ;  |c cm. 
555 4 |o (Ref.) G1030 .A85 
650 4 |a Geography Historical Maps. 
952 |0 0  |1 0  |2 lcc  |4 0  |7 1  |9 41825  |a ARCE  |b ARCE  |d 2022-07-21  |l 0  |o (Ref.) G1030 .A85  |p 1038528  |r 2022-07-21 00:00:00  |w 2022-07-21  |y BK 
999 |c 48804  |d 48804